000 00634nam a2200181 i 4500
001 29867
003 ES-MaACL
005 20230906154113.0
007 t|
008 030123s1981 sp ||||1| spa d
100 1 _aBascuñán Edwards, Carlos.
_926273
245 1 3 _aLa interrelación cultural entre España e Iberoamérica /
_cCarlos Bascuñán Edwards, Andrés Zaldívar Larraín.
260 _aMadrid :
_bFundación Humanismo y Democracia,
_c1981.
300 _a32 p. ;
_c21 cm.
700 1 _aZaldívar Larraín, Andrés.
_9117877
710 2 _aFundación Humanismo y Democracia.
_94320
852 _aES-MaACL
_j2120-F-17
_bR.103201
999 _c29867
_d29867